| Tag |
First Indicator |
Second Indicator |
Subfields |
| LEADER |
00000cam a2200000Mi 4500 |
| 001 |
in00005632621 |
| 006 |
m o d |
| 007 |
cr |n|---||||a |
| 008 |
061024s2003 vau o 000 0 eng d |
| 005 |
20250331200944.7 |
| 035 |
|
|
|a (OCoLC)ocn156281585
|
| 040 |
|
|
|a UAB
|b eng
|e pn
|c UAB
|d OCLCG
|d ALSTP
|d OCLCQ
|d FTUBL
|d OCLCQ
|d U3G
|d OCLCO
|d OCLCQ
|d OCLCF
|d OCLCO
|d OCLCQ
|d OCLCO
|d RRP
|d OCLCA
|d EYM
|d OCLCO
|d LVT
|d UAB
|d OCLCO
|d DKU
|d OCLCO
|d OCLCL
|
| 019 |
|
|
|a 593405872
|a 1237076348
|
| 035 |
|
|
|a (OCoLC)156281585
|z (OCoLC)593405872
|z (OCoLC)1237076348
|
| 050 |
|
4 |
|a PN1997.A1
|
| 049 |
|
|
|a TXAM
|
| 100 |
1 |
|
|a Kaufman, George S.
|q (George Simon),
|d 1889-1961.
|1 https://id.oclc.org/worldcat/entity/E39PBJk4ywFmTTPWTWpFXqTyh3
|
| 245 |
1 |
2 |
|a A night at the opera (1935) :
|b shooting script, version B /
|c by George Simon Kaufman and Morrie Ryskind ; script story by James Kevin McGuinness.
|
| 250 |
|
|
|a [1st electronic ed.].
|
| 260 |
|
|
|a Alexandria, VA :
|b Alexander Street Press,
|c 2003.
|
| 300 |
|
|
|a 1 online resource.
|
| 336 |
|
|
|a text
|b txt
|2 rdacontent
|
| 337 |
|
|
|a computer
|b c
|2 rdamedia
|
| 338 |
|
|
|a online resource
|b cr
|2 rdacarrier
|
| 490 |
1 |
|
|a American film scripts online.
|
| 500 |
|
|
|a Title from HTML t.p. (viewed Dec. 10, 2006).
|
| 650 |
|
0 |
|a Motion picture plays, American.
|
| 650 |
|
6 |
|a Scénarios de cinéma américains.
|
| 650 |
|
7 |
|a Motion picture plays, American.
|2 fast
|0 (OCoLC)fst01740826
|
| 655 |
|
7 |
|a Electronic books.
|2 local
|
| 655 |
|
7 |
|a screenplays.
|2 aat
|
| 655 |
|
7 |
|a Screenplays.
|2 fast
|0 (OCoLC)fst01726675
|
| 655 |
|
7 |
|a Motion picture plays.
|2 gsafd
|
| 655 |
|
7 |
|a Screenplays.
|2 lcgft
|
| 655 |
|
7 |
|a Scénarios de cinéma.
|2 rvmgf
|
| 700 |
1 |
|
|a Ryskind, Morrie,
|d 1895-1985.
|1 https://id.oclc.org/worldcat/entity/E39PBJxWVm3h97MHxTW8V3Qwmd
|
| 700 |
1 |
|
|a McGuinness, James Kevin.
|
| 710 |
2 |
|
|a Alexander Street (Firm)
|
| 830 |
|
0 |
|a American film scripts online.
|
| 856 |
4 |
0 |
|u http://proxy.library.tamu.edu/login?url=https://www.aspresolver.com/aspresolver.asp?AFSO;FS000663
|z Connect to the full text of this electronic book
|t 0
|
| 955 |
|
|
|a Alexander Press - Film Scripts Online Vol. 1
|
| 994 |
|
|
|a 92
|b TXA
|
| 999 |
f |
f |
|s ecf2c5d7-f249-4a22-a657-9aad3548f139
|i 0e2b0509-1826-4bd0-af2a-5280e32bcfb8
|t 0
|
| 952 |
f |
f |
|a Texas A&M University
|b College Station
|c Electronic Resources
|d Available Online
|t 0
|e PN1997.A1
|h Library of Congress classification
|
| 998 |
f |
f |
|a PN1997.A1
|t 0
|l Available Online
|